[Event "World Chess Olympiad 2018"]
[Site "Batumi"]
[Date "2018.10.01"]
[Round "7"]
[Board "2"]
[WhiteFideId "6700098"]
[White "Chavez Ricardo Ernesto"]
[BlackFideId "7101554"]
[Black "Cuhendi Sean Winshand"]
[Result "0-1"]
[LiveChessVersion "1.4.8"]
[BlackElo "2441"]
[WhiteElo "2244"]

1. e4 {[%clk 1:30:57]} c5 {[%clk 1:30:03]} 2. Nf3 {[%clk 1:31:15]} g6
{[%clk 1:29:18]} 3. d4 {[%clk 1:31:25]} cxd4 {[%clk 1:29:44]} 4. Nxd4
{[%clk 1:31:49]} Nc6 {[%clk 1:28:08]} 5. Nc3 {[%clk 1:32:08]} Bg7
{[%clk 1:27:59]} 6. Be3 {[%clk 1:32:27]} Nf6 {[%clk 1:28:12]} 7. Nxc6
{[%clk 1:32:38]} bxc6 {[%clk 1:28:11]} 8. e5 {[%clk 1:33:00]} Ng8
{[%clk 1:28:36]} 9. Bd4 {[%clk 1:33:22]} Qc7 {[%clk 1:27:33]} 10. Qe2
{[%clk 1:27:00]} Nh6 {[%clk 1:24:19]} 11. f4 {[%clk 1:21:50]} O-O
{[%clk 1:17:47]} 12. O-O-O {[%clk 1:18:57]} Nf5 {[%clk 1:02:42]} 13. Bf2
{[%clk 1:13:37]} h5 {[%clk 1:00:30]} 14. g3 {[%clk 1:04:30]} d6 {[%clk 0:57:43]}
15. Re1 {[%clk 1:03:11]} dxe5 {[%clk 0:56:39]} 16. fxe5 {[%clk 1:03:27]} Rb8
{[%clk 0:56:35]} 17. b3 {[%clk 0:40:19]} Rd8 {[%clk 0:40:58]} 18. Qe4
{[%clk 0:33:00]} Be6 {[%clk 0:33:22]} 19. Bd3 {[%clk 0:25:37]} Qa5
{[%clk 0:30:07]} 20. Kb2 {[%clk 0:25:22]} Rd5 {[%clk 0:26:11]} 21. Qa4
{[%clk 0:24:10]} Rxe5 {[%clk 0:22:41]} 22. Qxa5 {[%clk 0:20:29]} Rxa5
{[%clk 0:23:09]} 23. h3 {[%clk 0:15:55]} Bd5 {[%clk 0:17:52]} 24. Rhg1
{[%clk 0:15:01]} e6 {[%clk 0:12:03]} 25. g4 {[%clk 0:11:58]} hxg4
{[%clk 0:10:54]} 26. hxg4 {[%clk 0:11:23]} Nd4 {[%clk 0:11:17]} 27. Rg3
{[%clk 0:09:44]} Rc5 {[%clk 0:08:51]} 28. Bf1 {[%clk 0:08:48]} Ra5
{[%clk 0:05:49]} 29. Kb1 {[%clk 0:05:12]} e5 {[%clk 0:03:22]} 30. Bxd4
{[%clk 0:02:47]} exd4 {[%clk 0:03:51]} 31. Nxd5 {[%clk 0:03:03]} Rxd5
{[%clk 0:04:20]} 32. Bd3 {[%clk 0:02:11]} Re5 {[%clk 0:03:55]} 33. Rxe5
{[%clk 0:02:05]} Bxe5 {[%clk 0:04:23]} 34. Rf3 {[%clk 0:02:26]} Kg7
{[%clk 0:04:50]} 35. Kc1 {[%clk 0:02:45]} Rh8 {[%clk 0:04:54]} 36. Rf2
{[%clk 0:00:42]} Rh4 {[%clk 0:05:08]} 37. Rg2 {[%clk 0:00:54]} Bd6
{[%clk 0:03:57]} 38. Be4 {[%clk 0:00:42]} Ba3+ {[%clk 0:03:05]} 39. Kd2
{[%clk 0:00:56]} c5 {[%clk 0:03:17]} 40. Kd3 {[%clk 0:30:53]} Kf6
{[%clk 0:32:21]} 41. Bd5 {[%clk 0:28:08]} Rh3+ {[%clk 0:32:27]} 42. Kc4
{[%clk 0:28:22]} a6 {[%clk 0:29:44]} 43. Bb7 {[%clk 0:26:59]} Rc3+
{[%clk 0:28:02]} 44. Kd5 {[%clk 0:27:24]} a5 {[%clk 0:28:14]} 45. Ba6
{[%clk 0:25:50]} Rf3 {[%clk 0:27:50]} 46. Bc4 {[%clk 0:23:13]} Kg5
{[%clk 0:28:00]} 47. Kd6 {[%clk 0:22:39]} Rf4 {[%clk 0:27:00]} 48. Ke7
{[%clk 0:19:04]} Rxg4 {[%clk 0:18:34]} 49. Rxg4+ {[%clk 0:19:24]} Kxg4
{[%clk 0:19:03]} 50. Kxf7 {[%clk 0:19:11]} g5 {[%clk 0:19:31]} 51. Kg6
{[%clk 0:19:29]} Kf4 {[%clk 0:20:00]} 52. Kh5 {[%clk 0:17:52]} g4
{[%clk 0:20:22]} 53. Bd5 {[%clk 0:14:57]} Bb4 {[%clk 0:17:35]} 54. a4
{[%clk 0:15:03]} Be1 {[%clk 0:17:55]} 55. Bb7 {[%clk 0:15:01]} g3
{[%clk 0:16:48]} 56. Bg2 {[%clk 0:15:20]} Ke3 {[%clk 0:17:04]} 57. Kg4
{[%clk 0:15:39]} Kd2 {[%clk 0:17:32]} 58. Be4 {[%clk 0:14:12]} g2
{[%clk 0:17:52]} 59. Bxg2 {[%clk 0:14:38]} Kxc2 {[%clk 0:18:20]} 60. Bd5
{[%clk 0:13:53]} d3 {[%clk 0:18:45]} 61. Be4 {[%clk 0:13:48]} Kxb3
{[%clk 0:19:11]} 62. Bxd3 {[%clk 0:14:10]} c4 {[%clk 0:19:39]} 0-1

[Event "World Chess Olympiad 2018"]
[Site "Batumi"]
[Date "2018.10.01"]
[Round "7"]
[Board "3"]
[WhiteFideId "7101589"]
[White "Setyaki Azarya Jodi"]
[BlackFideId "6700640"]
[Black "Arias Daniel"]
[Result "1-0"]
[LiveChessVersion "1.4.8"]
[BlackElo "2274"]
[WhiteElo "2316"]

1. e4 {[%clk 1:30:57]} c5 {[%clk 1:29:55]} 2. Nf3 {[%clk 1:31:24]} d6
{[%clk 1:30:19]} 3. d4 {[%clk 1:31:49]} cxd4 {[%clk 1:30:45]} 4. Nxd4
{[%clk 1:32:15]} Nf6 {[%clk 1:31:08]} 5. Nc3 {[%clk 1:32:42]} a6 {[%clk 1:31:34]}
6. Nb3 {[%clk 1:33:06]} Nc6 {[%clk 1:17:55]} 7. Be2 {[%clk 1:33:29]} e6
{[%clk 1:17:54]} 8. g4 {[%clk 1:28:56]} Be7 {[%clk 1:15:06]} 9. Be3
{[%clk 1:22:51]} b5 {[%clk 1:11:38]} 10. g5 {[%clk 1:16:52]} Nd7 {[%clk 1:11:04]}
11. Qd2 {[%clk 1:08:43]} Nb6 {[%clk 1:07:15]} 12. a4 {[%clk 1:06:44]} Nc4
{[%clk 0:55:46]} 13. Bxc4 {[%clk 1:07:07]} bxc4 {[%clk 0:56:08]} 14. Nd4
{[%clk 1:07:30]} Bd7 {[%clk 0:55:54]} 15. Nxc6 {[%clk 0:53:49]} Bxc6
{[%clk 0:54:42]} 16. Qd4 {[%clk 0:53:15]} Bxg5 {[%clk 0:44:22]} 17. Bxg5
{[%clk 0:52:37]} Qxg5 {[%clk 0:44:46]} 18. Qxd6 {[%clk 0:53:01]} Rc8
{[%clk 0:44:43]} 19. Rd1 {[%clk 0:39:04]} Qe7 {[%clk 0:32:29]} 20. Rg1
{[%clk 0:39:10]} g6 {[%clk 0:32:22]} 21. e5 {[%clk 0:19:15]} h5 {[%clk 0:22:21]}
22. Ke2 {[%clk 0:15:32]} Qb7 {[%clk 0:18:33]} 23. Rd2 {[%clk 0:13:34]} h4
{[%clk 0:10:15]} 24. Ke3 {[%clk 0:04:49]} Bf3 {[%clk 0:04:22]} 25. Rxg6
{[%clk 0:04:12]} Bh5 {[%clk 0:02:28]} 26. Ne4 {[%clk 0:03:29]} Qa7+
{[%clk 0:00:50]} 27. Rd4 {[%clk 0:03:49]} Qe7 {[%clk 0:00:46]} 28. Nf6+
{[%clk 0:02:52]} Kf8 {[%clk 0:01:15]} 29. Nd7+ {[%clk 0:03:04]} Ke8
{[%clk 0:01:39]} 30. Nf6+ {[%clk 0:03:33]} Kf8 {[%clk 0:02:03]} 31. Nh7+
{[%clk 0:02:40]} Ke8 {[%clk 0:02:15]} 32. Qxa6 {[%clk 0:02:17]} Qc5
{[%clk 0:01:56]} 33. Nf6+ Ke7 34. Qd6+ {[%clk 0:01:22]} Qxd6 {[%clk 0:02:50]} 35.
exd6+ {[%clk 0:01:47]} Kf8 {[%clk 0:02:51]} 36. Nd7+ {[%clk 0:02:01]} Ke8
{[%clk 0:03:20]} 37. Nf6+ {[%clk 0:02:27]} Kf8 {[%clk 0:03:49]} 38. Rg5
{[%clk 0:02:08]} Bg6 {[%clk 0:04:09]} 39. Nd7+ {[%clk 0:32:48]} Ke8 40. Ne5 1-0

[Event "World Chess Olympiad 2018"]
[Site "Batumi"]
[Date "2018.10.01"]
[Round "7"]
[Board "4"]
[WhiteFideId "6700284"]
[White "Arias Lemnys A."]
[BlackFideId "7103255"]
[Black "Andyka Pitra"]
[Result "0-1"]
[LiveChessVersion "1.4.8"]
[BlackElo "2274"]
[WhiteElo "2294"]

1. d4 {[%clk 1:30:51]} d5 {[%clk 1:30:15]} 2. Nf3 {[%clk 1:30:37]} Nf6
{[%clk 1:30:36]} 3. c4 {[%clk 1:30:36]} e6 {[%clk 1:30:19]} 4. g3
{[%clk 1:29:14]} Bb4+ {[%clk 1:29:37]} 5. Bd2 {[%clk 1:29:19]} Be7
{[%clk 1:29:38]} 6. Bg2 {[%clk 1:27:45]} O-O {[%clk 1:29:52]} 7. Qc2
{[%clk 1:24:39]} c6 {[%clk 1:29:12]} 8. O-O {[%clk 1:22:42]} Nbd7
{[%clk 1:29:16]} 9. Bf4 {[%clk 1:19:28]} Ne4 {[%clk 1:23:29]} 10. Nc3
{[%clk 1:14:47]} g5 {[%clk 1:18:09]} 11. Bc1 {[%clk 1:13:49]} f5 {[%clk 1:17:51]}
12. Nd2 {[%clk 1:12:01]} Nd6 {[%clk 1:05:53]} 13. b3 {[%clk 1:08:55]} g4
{[%clk 0:53:49]} 14. a4 {[%clk 1:03:25]} Nf6 {[%clk 0:53:52]} 15. a5
{[%clk 1:02:27]} Bd7 {[%clk 0:48:40]} 16. Ba3 {[%clk 1:01:05]} Rc8
{[%clk 0:44:04]} 17. Na4 {[%clk 0:59:38]} Qxa5 {[%clk 0:28:07]} 18. Bc5
{[%clk 0:59:19]} Qd8 {[%clk 0:26:58]} 19. Bxa7 {[%clk 0:59:38]} Qe8
{[%clk 0:24:49]} 20. Nb2 {[%clk 0:59:12]} Nfe4 {[%clk 0:22:43]} 21. Nxe4
{[%clk 0:57:25]} fxe4 {[%clk 0:20:42]} 22. f3 {[%clk 0:55:07]} Nf5
{[%clk 0:16:43]} 23. Qc3 {[%clk 0:55:02]} Bg5 {[%clk 0:14:04]} 24. fxg4
{[%clk 0:51:01]} Ne3 {[%clk 0:13:57]} 25. Rxf8+ {[%clk 0:51:19]} Qxf8
{[%clk 0:14:22]} 26. h4 {[%clk 0:51:33]} Nxg4 {[%clk 0:13:40]} 27. Rf1
{[%clk 0:50:31]} Qh6 {[%clk 0:13:05]} 28. Nd1 {[%clk 0:46:49]} Bd2
{[%clk 0:13:06]} 29. Qc2 {[%clk 0:46:55]} Be3+ {[%clk 0:13:02]} 30. Kh1
{[%clk 0:47:03]} Rf8 {[%clk 0:13:15]} 31. Bc5 {[%clk 0:37:39]} Rxf1+
{[%clk 0:13:42]} 32. Bxf1 {[%clk 0:38:07]} Qf6 {[%clk 0:13:38]} 33. Kg2
{[%clk 0:38:09]} Bxd4 {[%clk 0:12:57]} 34. Bxd4 {[%clk 0:37:08]} Qxd4
{[%clk 0:13:24]} 35. Qc1 {[%clk 0:36:39]} e3 {[%clk 0:12:38]} 36. Kg1
{[%clk 0:36:33]} Qe5 {[%clk 0:12:39]} 37. Kg2 {[%clk 0:37:02]} c5
{[%clk 0:11:12]} 38. Qa3 {[%clk 0:34:47]} Bc6 {[%clk 0:08:25]} 39. Qa8+
{[%clk 0:34:58]} Kf7 {[%clk 0:08:17]} 40. Qd8 {[%clk 1:03:45]} Nf6
{[%clk 0:36:57]} 0-1

[Event "World Chess Olympiad 2018"]
[Site "Batumi"]
[Date "2018.10.01"]
[Round "7"]
[Board "1"]
[WhiteFideId "10000100"]
[White "Ssegwanyi Arthur"]
[BlackFideId "14800098"]
[Black "Paiva Donaldo"]
[Result "1/2-1/2"]
[LiveChessVersion "1.4.8"]
[BlackElo "2206"]
[WhiteElo "2347"]

1. e4 {[%clk 1:30:56]} c5 {[%clk 1:30:54]} 2. c3 {[%clk 1:31:21]} Nf6
{[%clk 1:31:20]} 3. e5 {[%clk 1:31:46]} Nd5 {[%clk 1:31:46]} 4. Nf3
{[%clk 1:32:02]} d6 {[%clk 1:29:49]} 5. d4 {[%clk 1:32:12]} cxd4 {[%clk 1:30:08]}
6. cxd4 {[%clk 1:31:50]} Nc6 {[%clk 1:29:58]} 7. Bc4 {[%clk 1:31:53]} e6
{[%clk 1:26:31]} 8. O-O {[%clk 1:31:02]} Be7 {[%clk 1:26:12]} 9. Qe2
{[%clk 1:30:46]} O-O {[%clk 1:26:03]} 10. Rd1 {[%clk 1:28:21]} Na5
{[%clk 1:24:32]} 11. Bxd5 {[%clk 1:20:08]} exd5 {[%clk 1:24:53]} 12. Nc3
{[%clk 1:20:33]} Be6 {[%clk 1:24:28]} 13. Bf4 {[%clk 1:20:10]} a6
{[%clk 1:22:41]} 14. Rac1 {[%clk 1:15:19]} Rc8 {[%clk 1:20:50]} 15. h3
{[%clk 1:13:50]} h6 {[%clk 1:15:39]} 16. Na4 {[%clk 1:07:26]} Nc6
{[%clk 1:12:56]} 17. Qd2 {[%clk 0:59:02]} dxe5 {[%clk 1:08:20]} 18. Nxe5
{[%clk 0:57:20]} Bb4 {[%clk 1:03:34]} 19. Qe3 {[%clk 0:49:39]} Nxe5
{[%clk 0:56:54]} 20. Bxe5 {[%clk 0:48:52]} Qa5 {[%clk 0:56:56]} 21. b3
{[%clk 0:38:52]} Rxc1 {[%clk 0:46:44]} 22. Rxc1 {[%clk 0:34:12]} Rc8
{[%clk 0:41:28]} 23. Rxc8+ {[%clk 0:20:37]} Bxc8 {[%clk 0:41:51]} 24. Kh2
{[%clk 0:20:36]} Bf5 {[%clk 0:39:00]} 25. Nc5 {[%clk 0:10:00]} Bxc5
{[%clk 0:28:38]} 26. dxc5 {[%clk 0:10:21]} Qxa2 {[%clk 0:27:49]} 27. Bd4
{[%clk 0:10:35]} f6 {[%clk 0:18:18]} 28. Qg3 {[%clk 0:06:31]} Kh7
{[%clk 0:12:35]} 29. Qc7 {[%clk 0:06:42]} Kg6 {[%clk 0:10:37]} 30. Qxb7
{[%clk 0:06:21]} Be4 {[%clk 0:10:48]} 31. c6 {[%clk 0:04:15]} Qd2
{[%clk 0:10:35]} 32. Be3 {[%clk 0:04:17]} Qc3 {[%clk 0:10:55]} 33. c7
{[%clk 0:01:48]} Qe5+ {[%clk 0:10:45]} 34. Kg1 {[%clk 0:01:58]} Qa1+
{[%clk 0:11:07]} 35. Kh2 {[%clk 0:02:13]} Qe5+ {[%clk 0:11:24]} 36. Kg1
{[%clk 0:02:26]} Qa1+ {[%clk 0:09:06]} 37. Kh2 {[%clk 0:02:48]} 1/2-1/2

[Event "World Chess Olympiad 2018"]
[Site "Batumi"]
[Date "2018.10.01"]
[Round "7"]
[Board "2"]
[WhiteFideId "14800063"]
[White "Abrantes Persson"]
[BlackFideId "10000127"]
[Black "Kawuma Patrick"]
[Result "0-1"]
[LiveChessVersion "1.4.8"]
[BlackElo "2329"]
[WhiteElo "2055"]

1. f4 {[%clk 1:31:05]} Nf6 {[%clk 1:29:44]} 2. Nf3 {[%clk 1:31:25]} g6
{[%clk 1:29:05]} 3. Nc3 {[%clk 1:31:48]} Bg7 {[%clk 1:28:02]} 4. e4
{[%clk 1:32:10]} d6 {[%clk 1:27:52]} 5. g3 {[%clk 1:32:01]} O-O {[%clk 1:19:20]}
6. Bg2 {[%clk 1:30:42]} c5 {[%clk 1:11:03]} 7. O-O {[%clk 1:30:56]} Nc6
{[%clk 1:11:31]} 8. h3 {[%clk 1:31:16]} Rb8 {[%clk 1:09:23]} 9. d3
{[%clk 1:31:35]} b5 {[%clk 1:07:07]} 10. Be3 {[%clk 1:29:32]} Bd7
{[%clk 0:59:54]} 11. g4 {[%clk 1:28:54]} Ne8 {[%clk 0:49:09]} 12. f5
{[%clk 1:27:56]} Nd4 {[%clk 0:41:24]} 13. Nh2 {[%clk 1:28:05]} e6
{[%clk 0:39:48]} 14. fxg6 {[%clk 1:23:18]} hxg6 {[%clk 0:39:04]} 15. Qd2
{[%clk 1:23:30]} b4 {[%clk 0:33:24]} 16. Nd1 {[%clk 1:18:48]} Nc7
{[%clk 0:30:48]} 17. c3 {[%clk 1:17:04]} bxc3 {[%clk 0:29:15]} 18. bxc3
{[%clk 1:17:31]} Nc6 {[%clk 0:29:37]} 19. Bh6 {[%clk 1:16:50]} e5
{[%clk 0:26:04]} 20. g5 {[%clk 1:11:46]} Bxh6 {[%clk 0:23:25]} 21. gxh6
{[%clk 1:12:03]} Qh4 {[%clk 0:23:31]} 22. Rf3 {[%clk 1:08:35]} Kh7
{[%clk 0:23:23]} 23. Ne3 {[%clk 1:08:00]} f5 {[%clk 0:18:07]} 24. exf5
{[%clk 1:03:11]} gxf5 {[%clk 0:18:35]} 25. Raf1 {[%clk 0:50:43]} Qxh6
{[%clk 0:18:56]} 26. Qc2 {[%clk 0:50:54]} Ne7 {[%clk 0:16:35]} 27. d4
{[%clk 0:50:02]} Kh8 {[%clk 0:15:34]} 28. dxe5 {[%clk 0:46:19]} dxe5
{[%clk 0:16:03]} 29. c4 {[%clk 0:44:52]} e4 {[%clk 0:15:30]} 30. Rf4
{[%clk 0:44:23]} Ne6 {[%clk 0:15:17]} 31. Nxf5 {[%clk 0:44:26]} Rxf5
{[%clk 0:09:44]} 32. Ng4 {[%clk 0:41:18]} Qxf4 {[%clk 0:07:48]} 33. Rxf4
{[%clk 0:40:31]} Rxf4 {[%clk 0:07:53]} 34. Ne5 {[%clk 0:39:20]} Be8
{[%clk 0:03:14]} 35. Bxe4 {[%clk 0:36:17]} Rb6 {[%clk 0:01:54]} 36. Qg2
{[%clk 0:35:19]} Nd4 {[%clk 0:00:43]} 37. Bd3 {[%clk 0:33:38]} Rbf6
{[%clk 0:00:47]} 38. Qg5 {[%clk 0:34:07]} Ne6 {[%clk 0:00:46]} 39. Qg2
{[%clk 1:03:11]} Rf8 {[%clk 0:30:39]} 40. Qb7 {[%clk 1:03:15]} Rg8+
{[%clk 0:20:54]} 41. Kh1 {[%clk 1:02:58]} Rh4 {[%clk 0:08:00]} 42. Kh2
{[%clk 0:54:13]} Nf4 {[%clk 0:06:37]} 43. Bf1 {[%clk 0:54:40]} Neg6
{[%clk 0:00:36]} 44. Nf3 {[%clk 0:54:54]} Rh7 {[%clk 0:00:55]} 45. Qb2+
{[%clk 0:55:13]} Rhg7 {[%clk 0:01:01]} 46. Qf6 {[%clk 0:52:52]} Rf8
{[%clk 0:01:13]} 47. Qd6 {[%clk 0:51:43]} Nxh3 {[%clk 0:00:37]} 48. Bg2
{[%clk 0:47:04]} Nhf4 {[%clk 0:00:37]} 49. Ne5 {[%clk 0:47:19]} Rf5
{[%clk 0:00:46]} 50. Ng4 {[%clk 0:40:35]} Ne5 {[%clk 0:00:33]} 51. Ne3
{[%clk 0:36:33]} Rh5+ {[%clk 0:00:32]} 52. Kg1 {[%clk 0:36:39]} Nxg2
{[%clk 0:00:38]} 53. Qf8+ {[%clk 0:31:35]} Rg8 {[%clk 0:01:06]} 54. Qf6+
{[%clk 0:31:35]} Kh7 {[%clk 0:00:43]} 55. Qe7+ {[%clk 0:29:48]} Nf7
{[%clk 0:00:45]} 56. Qe4+ {[%clk 0:29:23]} Rg6 {[%clk 0:00:52]} 57. Ng4
{[%clk 0:27:21]} Bc6 {[%clk 0:00:33]} 58. Nf6+ {[%clk 0:27:25]} Kh6
{[%clk 0:00:53]} 59. Qxc6 {[%clk 0:27:26]} Nh4+ {[%clk 0:01:00]} 60. Kf2
{[%clk 0:20:23]} Rf5+ {[%clk 0:01:27]} 61. Ke2 {[%clk 0:20:17]} Rgxf6
{[%clk 0:01:55]} 62. Kd2 {[%clk 0:19:12]} Rxc6 {[%clk 0:02:15]} 0-1

[Event "World Chess Olympiad 2018"]
[Site "Batumi"]
[Date "2018.10.01"]
[Round "7"]
[Board "3"]
[WhiteFideId "10001204"]
[White "Okas Walter"]
[BlackFideId "14800268"]
[Black "Calicoca Wilton Inacio"]
[Result "0-1"]
[LiveChessVersion "1.4.8"]
[BlackElo "2135"]
[WhiteElo "2258"]

1. Nf3 {[%clk 1:30:31]} d5 {[%clk 1:30:57]} 2. d4 {[%clk 1:30:43]} Nf6
{[%clk 1:31:20]} 3. g3 {[%clk 1:30:57]} Bf5 {[%clk 1:31:37]} 4. c4
{[%clk 1:30:57]} c6 {[%clk 1:31:20]} 5. cxd5 {[%clk 1:30:45]} cxd5
{[%clk 1:31:30]} 6. Nc3 {[%clk 1:30:49]} e6 {[%clk 1:26:32]} 7. Bg2
{[%clk 1:30:28]} Bb4 {[%clk 1:24:35]} 8. Qb3 {[%clk 1:22:44]} Nc6
{[%clk 1:22:30]} 9. O-O {[%clk 1:21:55]} O-O {[%clk 1:22:34]} 10. Bg5
{[%clk 1:14:28]} Bxc3 {[%clk 1:21:52]} 11. Bxf6 {[%clk 1:12:45]} Qxf6
{[%clk 1:17:49]} 12. Qxc3 {[%clk 1:10:41]} Be4 {[%clk 1:15:27]} 13. Rfd1
{[%clk 1:08:58]} Rfc8 {[%clk 1:14:44]} 14. Rac1 {[%clk 1:04:23]} Rc7
{[%clk 1:12:10]} 15. Ne5 {[%clk 0:46:39]} Bxg2 {[%clk 1:11:25]} 16. Kxg2
{[%clk 0:47:04]} Rac8 {[%clk 1:10:44]} 17. Nf3 {[%clk 0:46:08]} g6
{[%clk 1:05:17]} 18. Qa3 {[%clk 0:39:16]} Qf5 {[%clk 0:56:22]} 19. Qd6
{[%clk 0:31:31]} Qe4 {[%clk 0:52:45]} 20. Kf1 {[%clk 0:23:57]} Nxd4
{[%clk 0:48:31]} 0-1

[Event "World Chess Olympiad 2018"]
[Site "Batumi"]
[Date "2018.10.01"]
[Round "7"]
[Board "4"]
[WhiteFideId "14800276"]
[White "Chunguane Ilidio Alberto"]
[BlackFideId "10000569"]
[Black "Nsubuga Haruna"]
[Result "0-1"]
[LiveChessVersion "1.4.8"]
[BlackElo "2222"]
[WhiteElo "2054"]

1. d4 {[%clk 1:30:46]} d5 {[%clk 1:30:57]} 2. Nf3 {[%clk 1:30:52]} Nf6
{[%clk 1:30:48]} 3. Bf4 {[%clk 1:30:46]} e6 {[%clk 1:28:16]} 4. e3
{[%clk 1:30:25]} Bd6 {[%clk 1:28:35]} 5. Ne5 {[%clk 1:26:57]} O-O
{[%clk 1:27:52]} 6. Bd3 {[%clk 1:26:40]} c5 {[%clk 1:27:45]} 7. c3
{[%clk 1:25:32]} Nc6 {[%clk 1:27:59]} 8. Nxc6 {[%clk 1:22:50]} bxc6
{[%clk 1:28:21]} 9. Bg3 {[%clk 1:15:38]} h6 {[%clk 1:25:19]} 10. O-O
{[%clk 1:15:31]} Re8 {[%clk 1:23:42]} 11. Bxd6 {[%clk 1:12:00]} Qxd6
{[%clk 1:24:05]} 12. f4 {[%clk 1:12:18]} Rb8 {[%clk 1:23:15]} 13. b3
{[%clk 1:09:08]} cxd4 {[%clk 1:22:56]} 14. cxd4 {[%clk 1:06:42]} c5 15. Nc3 cxd4
{[%clk 1:23:22]} 16. exd4 {[%clk 1:04:31]} Ba6 {[%clk 1:19:37]} 17. Na4
{[%clk 1:00:37]} Ne4 {[%clk 1:17:11]} 18. Qe2 {[%clk 0:50:58]} Bxd3
{[%clk 1:13:56]} 19. Qxd3 {[%clk 0:51:23]} Rec8 {[%clk 1:13:49]} 20. f5
{[%clk 0:45:46]} e5 {[%clk 1:13:50]} 21. Rad1 {[%clk 0:45:11]} Nf6
{[%clk 1:13:51]} 22. dxe5 {[%clk 0:43:27]} Qxe5 {[%clk 1:14:16]} 23. Rfe1
{[%clk 0:42:41]} Qd6 {[%clk 1:12:05]} 24. h3 {[%clk 0:36:01]} Rc7
{[%clk 1:10:13]} 25. Re2 {[%clk 0:35:02]} Rbc8 {[%clk 1:10:19]} 26. Red2
{[%clk 0:30:44]} Qf4 {[%clk 1:08:14]} 27. Rf2 {[%clk 0:30:02]} Qg5
{[%clk 1:08:16]} 28. Qd2 {[%clk 0:29:01]} Rc1 {[%clk 1:08:41]} 29. Rxc1
{[%clk 0:28:47]} Rxc1+ {[%clk 1:08:35]} 30. Kh2 {[%clk 0:29:15]} Ng4+
{[%clk 1:08:47]} 0-1

[Event "World Chess Olympiad 2018"]
[Site "Batumi"]
[Date "2018.10.01"]
[Round "7"]
[Board "1"]
[WhiteFideId "7400179"]
[White "Elliott Warren"]
[BlackFideId "11503017"]
[Black "Miqdad Fadi"]
[Result "1-0"]
[LiveChessVersion "1.4.8"]
[BlackElo "1964"]
[WhiteElo "2206"]

1. d4 {[%clk 1:30:56]} d6 {[%clk 1:30:34]} 2. c4 {[%clk 1:30:24]} e5
{[%clk 1:30:33]} 3. d5 {[%clk 1:28:36]} g6 {[%clk 1:30:18]} 4. Nc3
{[%clk 1:28:45]} Bg7 {[%clk 1:30:35]} 5. e4 {[%clk 1:26:41]} Ne7 {[%clk 1:29:58]}
6. Be3 {[%clk 1:24:18]} O-O {[%clk 1:28:58]} 7. Bd3 {[%clk 1:17:25]} f5
{[%clk 1:27:43]} 8. f3 {[%clk 1:17:47]} Nd7 {[%clk 1:26:50]} 9. Qd2
{[%clk 1:15:09]} Nf6 {[%clk 1:20:01]} 10. h3 {[%clk 1:12:31]} fxe4
{[%clk 1:09:54]} 11. fxe4 {[%clk 1:11:17]} Nh5 {[%clk 1:06:52]} 12. Nge2
{[%clk 1:11:11]} c6 {[%clk 0:59:49]} 13. O-O-O {[%clk 1:06:27]} cxd5
{[%clk 0:58:08]} 14. cxd5 {[%clk 1:06:15]} Qa5 {[%clk 0:55:41]} 15. Kb1
{[%clk 1:02:26]} Bd7 {[%clk 0:53:35]} 16. g4 {[%clk 1:00:54]} Nf6
{[%clk 0:49:46]} 17. Ng3 {[%clk 0:54:22]} b5 {[%clk 0:38:02]} 18. Nxb5
{[%clk 0:51:37]} Qxd2 {[%clk 0:34:51]} 19. Rxd2 {[%clk 0:49:25]} Bxb5
{[%clk 0:33:56]} 20. Bxb5 {[%clk 0:49:50]} a6 {[%clk 0:29:14]} 21. Be2
{[%clk 0:45:28]} Rfb8 {[%clk 0:27:40]} 22. g5 {[%clk 0:42:42]} Nd7
{[%clk 0:23:36]} 23. Bg4 {[%clk 0:40:27]} Nb6 {[%clk 0:13:57]} 24. Be6+
{[%clk 0:39:22]} Kh8 {[%clk 0:13:48]} 25. Rc2 {[%clk 0:29:42]} Rb7
{[%clk 0:02:16]} 26. h4 {[%clk 0:20:06]} Rf8 {[%clk 0:00:40]} 27. h5
{[%clk 0:20:13]} Rf3 {[%clk 0:00:37]} 28. hxg6 {[%clk 0:18:01]} Nxg6
{[%clk 0:00:37]} 29. Nf5 {[%clk 0:18:04]} Nf4 {[%clk 0:00:33]} 30. Bxb6
{[%clk 0:18:12]} Nxe6 {[%clk 0:00:00]} 1-0